Statistics for Influential People Quiz (pre 600 AD)

Click here to take the quiz!

General Stats

  • This quiz has been taken 125 times
  • The average score is 11 of 15

Answer Stats

HintAnswer% Correct
Wrote the famed epics The Iliad and The OdysseyHomer
97%
Father of Islam, said to be the last prophetMuhammad
96%
Born in a manger in Bethlehem, said to be the son of GodJesus
95%
Fiddled while Rome burnedNero
90%
Created the Hellenistic culture through conquestAlexander the Great
85%
First Emperor of RomeAugustus
85%
This Indian figure was the first to reach enlightenment, and started the religion of BuddhismBuddha
85%
Famed Greek philosopher who wrote his RepublicPlato
82%
Chinese philosopher behind much of Chinese culture. Wrote the AnalectsConfucius
77%
Legalized Christianity in Rome and moved the capitol to ConstantinopleConstantine
74%
Greek "father of geometry" has a branch of geometry named after himEuclid
62%
Created famed Babylonian code based on the principle of "an eye for an eye"Hammurabi
59%
Greek mathematician who determined the value of pie and invented many war machinesArchimedes
49%
This great leader built many temples and monuments in his country, including Abu SimbelRamses II
45%
First Pharaoh of EgyptNarmer
19%

Score Distribution

Percentile by Number Answered

Percent of People with Each Score

Your Score History

You have not taken this quiz